000 nam a22 a 4500
999 _c4330
_d4330
003 AKMAL
005 20170529090049.0
008 170529s2002 my l 00 eng d
020 _a9678913143 (pbk.):
_cRM12.50
082 0 4 _a343.5950992 POS
_221
090 0 0 _a343.5950992
_bPOS
110 1 _aMalaysia
_9400
240 1 0 _aAkta Perkhidmatan Pos, 1991.
_lEnglish
245 1 0 _aPostal Services Act 1991 (Act 465), (Successor Company) Act 1991 (Act 466) & Rules & Regulations :
_b(as at 15th October 2002) /
_ccompiled by Legal Research Board
260 _aPetaling Jaya :
_bInternational Law Book Services,
_c2002
300 0 0 _a62p. ;
_c24cm
650 0 _aPostal service
_xLaw and legislation
_zMalaysia
_98433
710 2 _aLembaga Penyelidikan Undang-Undang
_98436
942 _2ddc
_cBOOK